10 Most Populous US States in Order Quiz Stats

Quiz Updated May 23, 2017

Challenge
Share
Tweet
Embed
Score 0/10 Timer 02:00
14 Plays Today
% Correct
???
100%
???
83%
???
61.7%
???
59.4%
???
41.8%
???
30.7%
???
21.3%
???
12%
???
7%
???
7%

You're not logged in!

Compare scores with friends on all Sporcle quizzes.
Sign Up with Email
OR
Log In

You Might Also Like...

Show Comments

Extras

Top Quizzes Today


Score Distribution

Your Account Isn't Verified!

In order to create a playlist on Sporcle, you need to verify the email address you used during registration. Go to your Sporcle Settings to finish the process.